000 00507nam a2200169 4500
008 0 1996 0a 000 0Mex
020 _a968-880-596-3
050 _aQA303 E26 1996
082 _a515.15 E527c
100 _aEdwards, C. H.
245 _aC lculo con geometria analitica / C. H. Edwards, David E. Penney
250 _a4
260 _aMéxico : Prentice-Hall
300 _axx, 956 p. / 25 cm.
650 _a1. CALCULO \ 2. GEOMETRIA ANALITICA
700 _aI. Penney, David E., coaut.
999 _c19520
_d19520